000 00734nam a2200241Ia 4500
008
020 _a0697147991 (pbk.)
049 _aMAIN
090 _aQD251.2
_bSVO
100 1 _aSvoronos, Paris D. N.
245 1 0 _aOrganic chemistry laboratory manual /
_cby Paris Svoronos and Edward Sarlo.
260 _aDubuque, Iowa :
_bWm. C. Brown,
_cc1994.
300 _a338 p. :
_bill. ;
_c28 cm.
500 _aIncludes index.
650 0 _aChemistry, Organic
_vLaboratory manuals.
650 0 _aChemistry, Organic
_xTextbooks.
700 1 _aSarlo, Edward.
907 _a.b10334324
_b29-10-13
_c19-07-13
003
005 20230123122025.0
040 _cNUST
942 _cBOOKS
_kQD251.2
_mSVO
999 _c126496
_d126496